000 00396nam a22001697a 4500
005 20260408152816.0
008 160627b xxu||||| |||| 00| 0 eng d
020 _a81-7530-039-6
041 _aeng
082 _a823.914
100 _aGhosh, Amitav
_92913
245 _aThe Circle of Reason
260 _bPermant Black
_c2003
300 _a423
650 _aenglish fiction
_98925
942 _cBK
999 _c4216
_d4215